Loading...
Current Events/Geography | 1 | 10.00 | 100% | 0% | 0% |
Fine Arts - Classical Music | 5 | 8.00 | 80% | 0% | 0% |
Fine Arts - Other Fine Arts | 6 | 13.33 | 100% | 33% | 0% |
Fine Arts - Visual Fine Arts | 2 | 10.00 | 100% | 0% | 0% |
History - American History | 5 | 12.00 | 100% | 20% | 0% |
History - European History | 1 | 10.00 | 100% | 0% | 0% |
History - Other History | 2 | 10.00 | 100% | 0% | 0% |
History - World History | 4 | 12.50 | 100% | 25% | 0% |
Literature - American Literature | 3 | 10.00 | 100% | 0% | 0% |
Literature - British Literature | 3 | 13.33 | 100% | 33% | 0% |
Literature - European Literature | 4 | 7.50 | 75% | 0% | 0% |
Literature - World/Other Literature | 5 | 12.00 | 100% | 20% | 0% |
Mythology | 5 | 12.00 | 100% | 20% | 0% |
Other Academic | 1 | 20.00 | 100% | 100% | 0% |
Philosophy | 6 | 8.33 | 83% | 0% | 0% |
Pop Culture | 1 | 30.00 | 100% | 100% | 100% |
Religion | 5 | 14.00 | 80% | 60% | 0% |
Science - Biology | 3 | 10.00 | 100% | 0% | 0% |
Science - Chemistry | 3 | 13.33 | 100% | 33% | 0% |
Science - Other Science | 7 | 11.43 | 86% | 29% | 0% |
Science - Physics | 3 | 10.00 | 100% | 0% | 0% |
Social Science | 3 | 10.00 | 100% | 0% | 0% |